British Sports Stars By Surname - The Letter R (Photo Quiz) - Statistics

General Stats
  • This quiz has been taken 37 times
  • The average score is 8 of 16
Answer Stats
Picture Hint Answer % Correct
Born 1985 Football Wayne Rooney
94%
Born 2002 Tennis Emma Raducanu
79%
Born 1962 Rowing Steve Redgrave
76%
Born 1973 Athletics Paula Radcliffe
67%
Born 1957 Football Bryan Robson
64%
Born 1986 Athletics Greg Rutherford
64%
1932 - 2024 Snooker Ray Reardon
64%
Born 1990 Cricket Joe Root
61%
Born 1998 Motor Racing George Russell
58%
Born 1980 Golf Justin Rose
58%
Born 1966 Athletics John Regis
42%
1940 - 2003 Darts Leighton Rees
36%
Born 1951 Cricket Derek Randall
30%
1940 - 2026 Athletics Mary Rand
27%
1947 - 2010 Rugby & Superstars Andy Ripley
15%
Born 1987 Motor Cycling (Superbike) Jonathan Rea
15%
No matching quizzes found
Score Distribution
Percent of People with Each Score
Percentile by Number Answered
Your Score History
You have not taken this quiz